[Event "Chinese League Div-A Final-KO 2023"]
[Site "Xiongan"]
[Date "2023.12.05"]
[Round "4.12"]
[White "Zhang, Zhong"]
[Black "Huang, Renjie"]
[Result "1/2-1/2"]
[WhiteElo "2578"]
[BlackElo "2488"]
[Annotator "TA"]
[PlyCount "88"]
[EventDate "2023.12.02"]
[EventCountry "CHN"]
[SourceTitle "playchess.com"]
[Source "ChessBase"]
[SourceQuality "1"]

{[%evp 17,88,0,8,6,11,2,17,16,12,10,19,0,31,0,8,9,4,9,12,0,0,0,2,4,11,3,5,0,0,-31,-21,-11,-9,-15,-6,-10,-8,-20,-20,-41,-11,-13,0,-14,-10,-14,-14,-14,-14,-14,-18,-23,-19,-33,-27,-33,0,-14,0,0,0,0,0,0,0,0,0,0,0,0,0,0,0]} 1. e4 {[%emt 0:00:04]} e5 {[%emt 0:00:08]} 2. Nf3 {[%emt 0:00:09]} Nc6 {[%emt 0:00:05]} 3. Nc3 {[%emt 0:00:14]} Nf6 {[%emt 0:01:10]} 4. d4 {[%emt 0:00:11]} exd4 {[%emt 0:00:07]} 5. Nxd4 {[%emt 0:00:04]} Bb4 {[%emt 0:00:20]} 6. Nxc6 {[%emt 0:00:06]} bxc6 {[%emt 0:00:06]} 7. Bd3 {[%emt 0:00:02]} d5 {[%emt 0:00:20]} 8. exd5 {[%emt 0:00:04]} O-O {[%emt 0:00:13]} 9. O-O {[%emt 0:00:04]} cxd5 {[%emt 0:00:20]} 10. h3 {[%emt 0:00:07] C47: Scotch Four Knights and Four Knights with 4 g3.} c6 {[%emt 0:00:31]} 11. Qf3 {[%emt 0:00:04]} Rb8 {[%emt 0:01:36]} 12. Bf4 {[%emt 0:00:13]} Bd6 {[%emt 0:00:23]} 13. b3 {[%emt 0:00:04]} Qc7 {[%emt 0:02:09]} 14. Ne2 {[%emt 0:01:20]} Re8 {[%emt 0:05:20] 14...c5 is the hot move.} 15. Rad1 {[%emt 0:03:00]} Bxf4 {[%emt 0:02:59] [#]} 16. Qxf4 $146 {[%emt 0:07:02]} ({Predecessor:} 16. Nxf4 d4 17. c3 dxc3 18. Rc1 Qe5 19. Ne2 Nd5 20. Nxc3 Nf4 21. Be4 Re6 22. Rfd1 {0-1 Csiki,E (2093)-Ongut,T (2293) HUN-chT2 Maroczy 1718 2017 (5.6)}) 16... Qxf4 {[%emt 0:03:14]} 17. Nxf4 {[%emt 0:00:04]} Kf8 {[%emt 0:00:09]} 18. Rfe1 {[%emt 0:00:51]} Rxe1+ {[%emt 0:01:44]} 19. Rxe1 {[%emt 0:00:03]} Rb4 {[%emt 0:00:12]} (19... g5 $5 20. Ne2 $8 c5 $11) 20. Ne2 {[%emt 0:02:32]} c5 {[%emt 0:00:51]} 21. c3 {[%emt 0:11:31]} Rb6 {[%emt 0:00:27]} 22. Nc1 {[%emt 0:01:41]} Be6 {[%emt 0:02:49]} 23. f4 g6 {[%emt 0:00:40]} 24. g4 {[%emt 0:00:38]} h5 {[%emt 0:01:34]} 25. f5 {[%emt 0:04:57]} gxf5 {[%emt 0:00:14]} 26. gxf5 {[%emt 0:00:15]} Bd7 {[%emt 0:00:11][%cal Oc5c4]} 27. Re5 {[%emt 0:01:42] [#]} c4 $1 {[%emt 0:05:18]} 28. Bc2 {[%emt 0:01:00]} cxb3 {[%emt 0:00:13]} (28... Rc6 $5 {[%cal Rc4b3]} 29. bxc4 Rxc4 $15) 29. axb3 {[%emt 0:02:25]} Ra6 {[%emt 0:00:43]} 30. Ne2 {[%emt 0:06:29]} Ra2 {[%emt 0:00:21]} 31. Nd4 {[%emt 0:16:12]} a5 {[%emt 0:00:59]} 32. Re3 {[%emt 0:00:19]} a4 {[%emt 0:00:43]} 33. bxa4 {[%emt 0:00:04]} Bxa4 {[%emt 0:00:04]} 34. Bxa4 {[%emt 0:00:04]} Rxa4 $11 {[%emt 0:00:04][%mdl 4096] Endgame KRN-KRN} 35. Kg2 {[%emt 0:00:49]} Ne4 {[%emt 0:00:55]} 36. Ne2 {[%emt 0:02:46]} Nd6 {[%emt 0:02:12]} 37. Kf2 {[%emt 0:08:12] The position is equal.} Ra2 {[%emt 0:04:06]} 38. Rd3 {[%emt 0:04:36]} Kg7 {[%emt 0:07:46]} 39. Kf3 {[%emt 0:02:26]} (39. Rxd5 $2 {is the wrong capture.} Ne4+ 40. Kf3 Rxe2 $19) 39... Nxf5 {[%emt 0:01:03]} 40. Rxd5 {[%emt 0:00:51]} Nh4+ {[%emt 0:00:44]} 41. Kg3 {[%emt 0:01:55]} Rxe2 {[%emt 0:00:18]} 42. Kxh4 {[%emt 0:00:03]} Re3 {[%emt 0:00:15]} 43. c4 {[%emt 0:01:14]} Re4+ {[%emt 0:00:06]} 44. Kxh5 {[%emt 0:00:04]} Rxc4 {[%emt 0:00:02] Weighted Error Value: White=0.06 (flawless) /Black=0.05 (flawless)} 1/2-1/2

[Event "Chinese League Div-A Final-KO 2023"]
[Site "Xiongan"]
[Date "2023.12.05"]
[Round "4.13"]
[White "Xiao, Tong"]
[Black "Lou, Yiping"]
[Result "1-0"]
[WhiteElo "2480"]
[BlackElo "2454"]
[Annotator "RC"]
[PlyCount "93"]
[EventDate "2023.12.02"]
[EventCountry "CHN"]
[SourceTitle "playchess.com"]
[Source "ChessBase"]
[SourceQuality "1"]

1. e4 {[%emt 0:00:02]} e5 {[%emt 0:00:13]} 2. Nf3 {[%emt 0:00:08]} Nc6 {[%emt 0:00:05]} 3. Bb5 {[%emt 0:00:04]} Nf6 {[%emt 0:00:05]} 4. d3 {[%emt 0:00:11]} Bc5 {[%emt 0:00:19]} 5. c3 {[%emt 0:00:06]} O-O {[%emt 0:00:21]} 6. O-O {[%emt 0:00:08]} d6 {[%emt 0:00:03]} 7. h3 {[%emt 0:00:19]} Ne7 {[%emt 0:00:50]} 8. d4 {[%emt 0:00:15]} Bb6 {[%emt 0:01:05]} 9. Re1 {[%emt 0:00:05]} d5 {[%emt 0:00:46]} 10. Nxe5 {[%emt 0:00:09]} Nxe4 {[%emt 0:00:17]} 11. Nd2 {[%emt 0:00:05]} Nd6 {[%emt 0:00:06]} 12. Bd3 {[%emt 0:00:04]} f6 {[%emt 0:02:02]} 13. Nef3 {[%emt 0:00:07]} Bf5 {[%emt 0:02:12]} 14. Nb3 {[%emt 0:03:26]} Bxd3 {[%emt 0:02:54]} 15. Qxd3 {[%emt 0:00:06]} Ne4 {[%emt 0:00:09]} 16. Bf4 {[%emt 0:04:42]} Ng6 {[%emt 0:03:00]} 17. Bh2 {[%emt 0:00:37]} c6 {[%emt 0:00:18]} 18. Nfd2 {[%emt 0:16:18]} f5 {[%emt 0:13:41]} 19. f3 {[%emt 0:01:42]} Ng5 {[%emt 0:01:00]} 20. Qe3 {[%emt 0:19:56]} Re8 {[%emt 0:05:38]} 21. Qxe8+ {[%emt 0:07:23]} Qxe8 {[%emt 0:01:54]} 22. Rxe8+ {[%emt 0:00:04]} Rxe8 {[%emt 0:00:04]} 23. Kf1 {[%emt 0:00:34]} h5 {[%emt 0:04:48]} 24. a4 {[%emt 0:03:20]} a6 {[%emt 0:01:03]} 25. a5 {[%emt 0:03:59]} Ba7 {[%emt 0:00:06]} 26. Nc1 {[%emt 0:00:42]} Nf7 {[%emt 0:11:35]} 27. Nd3 {[%emt 0:02:21]} Re3 {[%emt 0:03:44]} 28. Nb3 {[%emt 0:02:22]} Re7 {[%emt 0:11:44]} 29. Nbc5 {[%emt 0:01:13]} Nd8 {[%emt 0:09:20]} 30. Bd6 {[%emt 0:01:04]} Re8 {[%emt 0:00:14]} 31. Ra4 {[%emt 0:01:10]} Bxc5 {[%emt 0:01:25]} 32. Nxc5 {[%emt 0:00:13]} Nh8 {[%emt 0:01:00]} 33. Rb4 {[%emt 0:02:13]} Nhf7 {[%emt 0:00:06]} 34. Bb8 {[%emt 0:00:17]} Re7 {[%emt 0:00:28]} 35. h4 {[%emt 0:01:21]} Kh7 {[%emt 0:01:46]} 36. Bf4 {[%emt 0:01:04]} Kg6 {[%emt 0:00:53]} 37. Kf2 {[%emt 0:02:07]} Kh7 {[%emt 0:02:17]} 38. Rb6 {[%emt 0:01:58]} Kg8 {[%emt 0:03:47]} 39. b3 {[%emt 0:00:39]} Kh7 {[%emt 0:00:37]} 40. c4 {[%emt 0:00:34]} g6 {[%emt 0:04:45]} 41. cxd5 {[%emt 0:08:07]} cxd5 {[%emt 0:00:02]} 42. b4 {[%emt 0:00:14]} Nc6 {[%emt 0:04:17]} 43. Nxa6 {[%emt 0:01:51]} Nxd4 {[%emt 0:03:24]} 44. Nc7 {[%emt 0:00:23]} Nd8 {[%emt 0:10:18]} 45. Nxd5 {[%emt 0:00:30]} Re2+ {[%emt 0:00:11]} 46. Kg3 {[%emt 0:00:50]} Re6 {[%emt 0:04:18]} 47. Bc7 {[%emt 0:00:23]} 1-0

[Event "Chinese League Div-A Final-KO 2023"]
[Site "Xiongan"]
[Date "2023.12.05"]
[Round "4.14"]
[White "Ju, Wenjun"]
[Black "Zhang, Xiao"]
[Result "1/2-1/2"]
[WhiteElo "2560"]
[BlackElo "2097"]
[Annotator "TA"]
[PlyCount "92"]
[EventDate "2023.12.02"]
[EventCountry "CHN"]
[SourceTitle "playchess.com"]
[Source "ChessBase"]
[SourceQuality "1"]

{[%evp 17,92,0,12,0,15,25,21,15,37,32,37,37,37,32,27,20,10,6,12,21,49,50,57,80,69,19,19,29,44,0,0,0,0,0,0,0,0,-21,0,0,0,0,0,0,0,0,2,2,10,15,10,2,2,2,2,2,2,0,0,0,0,0,0,0,0,0,0,0,0,0,0,0,0,0,0,0,0]} 1. d4 {[%emt 0:00:03]} Nf6 {[%emt 0:00:14]} 2. c4 {[%emt 0:00:05]} e6 {[%emt 0:00:04]} 3. Nc3 {[%emt 0:01:16]} Bb4 {[%emt 0:00:09]} 4. e3 {[%emt 0:00:14]} O-O {[%emt 0:00:07]} 5. Nf3 {[%emt 0:01:17]} d5 {[%emt 0:01:27]} 6. Bd2 {[%emt 0:01:13]} b6 {[%emt 0:02:14]} 7. cxd5 {[%emt 0:00:34]} exd5 {[%emt 0:00:27]} 8. Bd3 {[%emt 0:00:08]} Bb7 {[%emt 0:01:57]} 9. O-O {[%emt 0:00:18]} Nbd7 {[%emt 0:01:20] 9...Bd6 is the modern continuation.} 10. a3 {[%emt 0:05:54] E52: Nimzo-Indian: Rubinstein: 4...0-0 5 Nf3 d5 6 Bd3 b6.} Be7 {[%emt 0:06:36]} 11. b4 {[%emt 0:05:10]} Re8 {[%emt 0:04:38]} 12. Qb3 {[%emt 0:06:23] [#]} (12. Ne5 {looks sharper.} a5 13. bxa5 Rxa5 14. Bb5) 12... c6 $146 {[%emt 0:03:33]} ({Predecessor:} 12... a6 13. Rfc1 Bd6 14. a4 Ne4 15. Be1 Ndf6 16. b5 a5 17. Ne2 Bc8 18. Ne5 Nc5 19. Rxc5 bxc5 {0-1 Manso Marquez,F (2114)-Dobrev,N (2394) San Sebastian op 19th 2006 (4.12)}) 13. Rfe1 {[%emt 0:08:20]} Bd6 {[%emt 0:04:56]} 14. e4 {[%emt 0:20:20]} dxe4 {[%emt 0:03:08]} 15. Nxe4 {[%emt 0:00:03]} (15. Ng5 {is more complex.} exd3 16. Nxf7 Bxh2+ 17. Kxh2 Qc7+ 18. Kg1) 15... Nxe4 {[%emt 0:00:32]} 16. Rxe4 {[%emt 0:07:33]} Rxe4 {[%emt 0:02:41]} 17. Bxe4 {[%emt 0:00:04]} Nf6 {[%emt 0:00:30]} 18. Bg5 {[%emt 0:00:13]} Qe8 {[%emt 0:14:43]} 19. Bc2 {[%emt 0:01:41]} Nd5 {[%emt 0:01:46]} 20. Re1 {[%emt 0:06:08] Prevents f6.} Qd7 {[%emt 0:02:14]} 21. Qd3 {[%emt 0:02:04] White is more active.} ({White should try} 21. Ne5 $14 Bxe5 22. dxe5 (22. Rxe5 Ba6 $11)) 21... g6 $11 {[%emt 0:00:11]} 22. Ne5 {[%emt 0:00:30]} Re8 {[%emt 0:02:54] [#] White must now prevent ...f6.} 23. Qd2 {[%emt 0:05:13]} (23. Nxd7 $2 {loses.} Rxe1+ $19) (23. f4 $5 {[%cal Re5d7]} Qc8 24. Qb3 $11) 23... Qc7 {[%emt 0:08:25] The position is equal.} 24. Ng4 {[%emt 0:02:30]} Rxe1+ {[%emt 0:00:14]} 25. Qxe1 {[%emt 0:00:02] Hoping for Qe8+.} Be7 {[%emt 0:00:32]} 26. Bh6 {[%emt 0:02:24]} Bf8 {[%emt 0:04:47]} 27. Bg5 {[%emt 0:09:27] [#] And now Qe8 would win.} Be7 {[%emt 0:03:17]} (27... h5 $5 {[%cal Rh5g4]} 28. Ne3 c5 29. Nxd5 Bxd5 30. dxc5 bxc5 $15) 28. Bxe7 {[%emt 0:02:20]} Qxe7 {[%emt 0:00:15]} 29. Qxe7 {[%emt 0:02:59]} Nxe7 {[%emt 0:00:03][%mdl 4096] Endgame KBN-KBN} 30. f3 {[%emt 0:00:05]} Nd5 {[%emt 0:00:56]} 31. Kf2 {[%emt 0:00:54]} Kf8 {[%emt 0:00:32]} 32. Bb3 {[%emt 0:01:21]} Ke7 {[%emt 0:00:53]} 33. Bxd5 {[%emt 0:01:01]} cxd5 {[%emt 0:00:03] KB-KN} 34. Ke3 {[%emt 0:00:26]} Ke6 {[%emt 0:01:50]} 35. h4 {[%emt 0:00:34]} f6 {[%emt 0:01:03]} 36. Kf4 {[%emt 0:02:00]} Bc6 {[%emt 0:00:44]} 37. Nh6 {[%emt 0:02:43]} Bb5 {[%emt 0:02:18]} 38. g4 {[%emt 0:01:44]} Be2 {[%emt 0:06:27]} 39. g5 {[%emt 0:01:17]} fxg5+ {[%emt 0:00:22]} 40. hxg5 {[%emt 0:00:03]} Bd1 {[%emt 0:00:49]} 41. Ng4 {[%emt 0:03:20]} Be2 {[%emt 0:01:21]} 42. Ne5 {[%emt 0:03:33]} Bb5 {[%emt 0:01:04]} 43. Kg4 {[%emt 0:00:52]} Ba4 {[%emt 0:00:15]} 44. Kf4 {[%emt 0:04:21]} Bb5 {[%emt 0:00:07]} 45. Kg4 {[%emt 0:00:31]} Ba4 {[%emt 0:00:05]} 46. Kf4 {[%emt 0:00:03]} Bb5 {[%emt 0:00:04] Weighted Error Value: White=0.07 (flawless) /Black=0.05 (flawless)} 1/2-1/2

[Event "Chinese League Div-A Final-KO 2023"]
[Site "Xiongan"]
[Date "2023.12.05"]
[Round "4.15"]
[White "Hu, Yu A."]
[Black "Ni, Shiqun"]
[Result "0-1"]
[WhiteElo "2162"]
[BlackElo "2311"]
[Annotator "RC"]
[PlyCount "46"]
[EventDate "2023.12.02"]
[EventCountry "CHN"]
[SourceTitle "playchess.com"]
[Source "ChessBase"]
[SourceQuality "1"]

1. d4 {[%emt 0:00:04]} d5 {[%emt 0:05:25]} 2. c4 {[%emt 0:00:18]} c6 {[%emt 0:03:16]} 3. Nf3 {[%emt 0:00:51]} e6 {[%emt 0:02:11]} 4. Nc3 {[%emt 0:00:57]} Nf6 {[%emt 0:00:45]} 5. e3 {[%emt 0:00:27]} Nbd7 {[%emt 0:00:12]} 6. Qc2 {[%emt 0:00:14]} b6 {[%emt 0:04:02]} 7. Bd3 {[%emt 0:12:52]} Bb7 {[%emt 0:00:33]} 8. O-O {[%emt 0:01:54]} Be7 {[%emt 0:01:52]} 9. cxd5 {[%emt 0:08:55]} exd5 {[%emt 0:06:02]} 10. e4 {[%emt 0:01:56]} dxe4 {[%emt 0:02:02]} 11. Nxe4 {[%emt 0:00:06]} O-O {[%emt 0:01:16]} 12. Ne5 {[%emt 0:06:54]} Rc8 {[%emt 0:26:39]} 13. Ng5 {[%emt 0:09:00]} g6 {[%emt 0:00:10]} 14. Bxg6 {[%emt 0:33:42]} hxg6 {[%emt 0:00:56]} 15. Nxg6 {[%emt 0:00:14]} c5 {[%emt 0:06:10]} 16. Qd3 {[%emt 0:11:05]} cxd4 {[%emt 0:10:16]} 17. Nf4 {[%emt 0:03:05]} Ne5 {[%emt 0:09:44]} 18. Qg3 {[%emt 0:01:18]} Ng6 {[%emt 0:05:43]} 19. Nxf7 {[%emt 0:01:17]} Rxf7 {[%emt 0:00:46]} 20. Ne6 {[%emt 0:03:38]} Qe8 {[%emt 0:02:36]} 21. Qxg6+ {[%emt 0:00:06]} Kh8 {[%emt 0:00:03]} 22. Qh6+ {[%emt 0:01:54]} Rh7 {[%emt 0:00:17]} 23. Qf4 {[%emt 0:00:07]} Qc6 {[%emt 0:01:58]} 0-1

[Event "Chinese League Div-A Final-KO 2023"]
[Site "Xiongan"]
[Date "2023.12.05"]
[Round "4.16"]
[White "Xu, Jun"]
[Black "Nie, Xinyang"]
[Result "1/2-1/2"]
[WhiteElo "2470"]
[BlackElo "2438"]
[Annotator "RC"]
[PlyCount "62"]
[EventDate "2023.12.02"]
[EventCountry "CHN"]
[SourceTitle "playchess.com"]
[Source "ChessBase"]
[SourceQuality "1"]

1. c4 {[%emt 0:00:24]} e5 {[%emt 0:00:40]} 2. Nc3 {[%emt 0:00:37]} c5 {[%emt 0:02:27]} 3. g3 {[%emt 0:01:15]} Nc6 {[%emt 0:00:12]} 4. Bg2 {[%emt 0:00:02]} g6 {[%emt 0:00:16]} 5. e3 {[%emt 0:01:33]} Bg7 {[%emt 0:00:05]} 6. Nge2 {[%emt 0:00:05]} Nge7 {[%emt 0:00:09]} 7. d3 {[%emt 0:01:30]} O-O {[%emt 0:00:41]} 8. a3 {[%emt 0:00:05]} a6 {[%emt 0:03:36]} 9. b4 {[%emt 0:08:50]} cxb4 {[%emt 0:01:23]} 10. axb4 {[%emt 0:00:02]} Nxb4 {[%emt 0:01:06]} 11. Ba3 {[%emt 0:01:38]} Nbc6 {[%emt 0:00:05]} 12. Ne4 {[%emt 0:02:40]} b5 {[%emt 0:14:44]} 13. Bc5 {[%emt 0:05:31]} bxc4 {[%emt 0:21:17]} 14. dxc4 {[%emt 0:02:01]} f5 {[%emt 0:00:03]} 15. Nd6 {[%emt 0:02:53]} e4 {[%emt 0:00:04]} 16. Ra4 {[%emt 0:05:11]} Ne5 {[%emt 0:01:54]} 17. O-O {[%emt 0:01:09]} Nd3 {[%emt 0:18:27]} 18. Ba3 {[%emt 0:00:14]} Rb8 {[%emt 0:00:13]} 19. Nf4 {[%emt 0:04:35]} Nb2 {[%emt 0:01:30]} 20. Bxb2 {[%emt 0:00:08]} Rxb2 {[%emt 0:03:17]} 21. Nd5 {[%emt 0:00:37]} Be5 {[%emt 0:11:44]} 22. Nxc8 {[%emt 0:03:00]} Nxc8 {[%emt 0:00:04]} 23. Rxa6 {[%emt 0:00:09]} Nd6 {[%emt 0:02:12]} 24. Nf4 {[%emt 0:07:04]} Bxf4 {[%emt 0:06:52]} 25. gxf4 {[%emt 0:02:36]} Nf7 {[%emt 0:00:02]} 26. Qd5 {[%emt 0:05:34]} Rc2 {[%emt 0:00:59]} 27. Ra7 {[%emt 0:04:57]} d6 {[%emt 0:00:50]} 28. Rb1 {[%emt 0:04:54]} Qh4 {[%emt 0:00:08]} 29. Rf1 {[%emt 0:00:06]} Qd8 {[%emt 0:00:04]} 30. Rb1 {[%emt 0:00:07]} Qh4 {[%emt 0:00:04]} 31. Rf1 {[%emt 0:00:04]} Qd8 {[%emt 0:00:08]} 1/2-1/2

[Event "Chinese League Div-A Final-KO 2023"]
[Site "Xiongan"]
[Date "2023.12.05"]
[Round "4.17"]
[White "Peng, Xiongjian"]
[Black "Wei, Yi"]
[Result "0-1"]
[WhiteElo "2525"]
[BlackElo "2729"]
[Annotator "TA"]
[PlyCount "62"]
[EventDate "2023.12.02"]
[EventCountry "CHN"]
[SourceTitle "playchess.com"]
[Source "ChessBase"]
[SourceQuality "1"]

{[%evp 21,62,14,17,0,0,0,0,-16,-20,-83,-65,-352,-318,-312,-357,-361,-357,-316,-358,-330,-350,-350,-327,-500,-500,-497,-480,-487,-466,-2608,-2297,-2375,-747,-29984,-6170,-5273,-5244,-5218,-5214,-5622,-4898,-1985,-1975]} 1. e4 {[%emt 0:00:07]} c5 {[%emt 0:00:07]} 2. Nf3 {[%emt 0:00:05]} d6 {[%emt 0:00:05]} 3. d4 {[%emt 0:00:46]} cxd4 {[%emt 0:00:04]} 4. Nxd4 {[%emt 0:00:22]} Nf6 {[%emt 0:00:04]} 5. Nc3 {[%emt 0:00:26]} a6 {[%emt 0:00:06]} 6. Be3 {[%emt 0:01:07]} e5 {[%emt 0:00:10]} 7. Nb3 {[%emt 0:00:17]} Be6 {[%emt 0:01:51]} 8. f3 {[%emt 0:00:16]} h5 {[%emt 0:00:40]} 9. Qd2 {[%emt 0:00:13]} Nbd7 {[%emt 0:00:08]} 10. O-O-O {[%emt 0:00:17]} Be7 {[%emt 0:01:21]} 11. Kb1 {[%emt 0:02:02]} Rc8 {[%emt 0:00:45]} 12. h4 {[%emt 0:00:28] B90: Sicilian Najdorf: Unusual White 6th moves, 6 Be3 Ng4 and 6 Be3 e5.} b5 {[%emt 0:01:55]} 13. a3 {[%emt 0:00:30]} O-O {[%emt 0:06:32] [#]} 14. Be2 $146 {[%emt 0:08:06] The position is equal.} ({Predecessor:} 14. Bg5 Re8 15. g4 hxg4 16. fxg4 Bxg4 17. Re1 d5 18. Nxd5 Nxd5 19. exd5 Bf5 20. Bd3 {½-½ Wei,Y (2732)-Giri,A (2764) Danzhou 11th rapid 2020 (12)}) 14... Nb6 {[%emt 0:01:24]} 15. Na5 {[%emt 0:06:54]} (15. Nc1 $11) 15... d5 $17 {[%emt 0:01:12] aiming for ...d4.} 16. Nxd5 {[%emt 0:33:21][%mdl 8192]} (16. Nb7 $1 $15 Qd7 17. Bxb6) 16... Nbxd5 $19 {[%emt 0:00:50]} 17. exd5 {[%emt 0:00:05]} Nxd5 {[%emt 0:00:07]} (17... Qxd5 18. Qxd5 Nxd5 19. Bc1 $15) 18. Bg5 {[%emt 0:00:06]} f6 {[%emt 0:01:44]} 19. c4 {[%emt 0:00:21]} bxc4 {[%emt 0:01:36]} (19... fxg5 20. cxd5 Bf5+ 21. Bd3 Bxd3+ 22. Qxd3 Qxa5 23. d6 $11) 20. Bxc4 {[%emt 0:01:00]} Rxc4 {[%emt 0:00:03]} ({Weaker is} 20... fxg5 21. Bxd5 Bxd5 22. Qxd5+ Qxd5 23. Rxd5 $15) 21. Nxc4 {[%emt 0:00:09]} fxg5 {[%emt 0:05:21]} 22. Nxe5 {[%emt 0:04:05]} (22. hxg5 $142 Qb8 23. Rde1) 22... Qc7 {[%emt 0:01:30]} 23. Rhe1 {[%emt 0:04:29] [#]} Bxa3 $1 {[%emt 0:00:56][%mdl 576] Deflection} 24. Rc1 {[%emt 0:06:01]} (24. Nc6 Qxc6) 24... Bb4 {[%emt 0:00:29]} 25. Qxg5 {[%emt 0:05:18] [#]} (25. Qxd5 $142 Qxc1+ 26. Rxc1 Bxd5 27. Nd3) 25... Nc3+ $1 {[%emt 0:00:06][%mdl 512]} 26. bxc3 {[%emt 0:11:46]} Bxc3 {[%emt 0:00:04]} (26... Rb8 $142 27. Re4 Be7+ {[%mdl 64] Discovered Attack} 28. Kc2 Bxg5) 27. Nc6 {[%emt 0:00:58]} Qb6+ {[%emt 0:01:00]} (27... Rb8+ $142 28. Kc2 Qxc6 29. Kd1 Qd6+ 30. Ke2 Bc4+ 31. Kf2 Bd4+ 32. Re3 Rb2+ 33. Kg1 Re2 {[%mdl 64] Pin} 34. Rxc4 Bxe3+ 35. Qxe3 Rxe3 36. Rc8+ Kh7 37. Kf2 Qd2+ 38. Kg3 Re2 39. Kh3 Rxg2 40. Rc5 Qf2 41. Rxh5+ Kg8 42. Rh8+ Kxh8 43. h5 Qg3#) 28. Kc2 {[%emt 0:00:05] Black is clearly winning.} Qb3+ {[%emt 0:00:15]} 29. Kd3 {[%emt 0:00:05]} Bf6+ {[%emt 0:00:19][%mdl 64] Skewer. A strong pair of Bishops.} 30. Ke2 {[%emt 0:00:34]} Bxg5 {[%emt 0:00:06]} 31. hxg5 {[%emt 0:00:04]} Bc4+ {[%emt 0:00:03] White did not feel at home in the position after the opening. A brilliant game!   Weighted Error Value: White=1.40/Black=0.85} 0-1

[Event "Chinese League Div-A Final-KO 2023"]
[Site "Xiongan"]
[Date "2023.12.05"]
[Round "4.18"]
[White "Lin, Chen"]
[Black "Liu, Zhaoqi"]
[Result "1/2-1/2"]
[WhiteElo "2494"]
[BlackElo "2401"]
[Annotator "RC"]
[PlyCount "85"]
[EventDate "2023.12.02"]
[EventCountry "CHN"]
[SourceTitle "playchess.com"]
[Source "ChessBase"]
[SourceQuality "1"]

1. e4 {[%emt 0:00:04]} e6 {[%emt 0:00:14]} 2. d4 {[%emt 0:01:20]} d5 {[%emt 0:00:06]} 3. exd5 {[%emt 0:00:08]} exd5 {[%emt 0:00:05]} 4. Nf3 {[%emt 0:00:04]} Nf6 {[%emt 0:00:11]} 5. Bd3 {[%emt 0:00:43]} c5 {[%emt 0:00:09]} 6. dxc5 {[%emt 0:00:39]} Bxc5 {[%emt 0:00:33]} 7. O-O {[%emt 0:00:12]} O-O {[%emt 0:00:05]} 8. h3 {[%emt 0:00:26]} Ne4 {[%emt 0:03:06]} 9. Nc3 {[%emt 0:16:10]} Nxc3 {[%emt 0:00:07]} 10. bxc3 {[%emt 0:00:04]} h6 {[%emt 0:12:00]} 11. Re1 {[%emt 0:10:53]} Qf6 {[%emt 0:16:49]} 12. Rb1 {[%emt 0:07:51]} Nc6 {[%emt 0:04:27]} 13. Be3 {[%emt 0:04:04]} Bxe3 {[%emt 0:09:25]} 14. Rxe3 {[%emt 0:00:05]} Rb8 {[%emt 0:01:16]} 15. Nd4 {[%emt 0:06:22]} Bd7 {[%emt 0:12:56]} 16. Be2 {[%emt 0:09:34]} Nxd4 {[%emt 0:07:39]} 17. Qxd4 {[%emt 0:04:16]} Qxd4 {[%emt 0:03:34]} 18. cxd4 {[%emt 0:00:13]} Rfc8 {[%emt 0:00:10]} 19. Re7 {[%emt 0:00:40]} Rxc2 {[%emt 0:04:49]} 20. Rxd7 {[%emt 0:00:54]} Rxe2 {[%emt 0:02:27]} 21. Rc1 {[%emt 0:00:03]} Rxa2 {[%emt 0:03:55]} 22. Rcc7 {[%emt 0:00:04]} Rf8 {[%emt 0:00:04]} 23. Rxb7 {[%emt 0:00:11]} a5 {[%emt 0:00:18]} 24. g4 {[%emt 0:02:16]} a4 {[%emt 0:00:57]} 25. Ra7 {[%emt 0:06:33]} a3 {[%emt 0:07:14]} 26. Rxd5 {[%emt 0:00:09]} Ra1+ {[%emt 0:00:07]} 27. Kg2 {[%emt 0:00:04]} a2 {[%emt 0:00:04]} 28. h4 {[%emt 0:05:30]} Kh7 {[%emt 0:05:23]} 29. Rdd7 {[%emt 0:04:10]} Kg6 {[%emt 0:01:06]} 30. Ra6+ {[%emt 0:00:30]} Kh7 {[%emt 0:00:22]} 31. h5 {[%emt 0:00:31]} Kg8 {[%emt 0:00:56]} 32. Raa7 {[%emt 0:00:13]} Kh7 {[%emt 0:00:19]} 33. d5 {[%emt 0:10:21]} Kh8 {[%emt 0:00:23]} 34. d6 {[%emt 0:00:21]} Kg8 {[%emt 0:01:05]} 35. Kf3 {[%emt 0:00:31]} Kh7 {[%emt 0:00:42]} 36. Ke2 {[%emt 0:02:04]} Kg8 {[%emt 0:04:55]} 37. Re7 {[%emt 0:01:06]} Rd8 {[%emt 0:00:32]} 38. Rxf7 {[%emt 0:01:29]} Rb1 {[%emt 0:00:22]} 39. Rxg7+ {[%emt 0:00:22]} Kh8 {[%emt 0:00:13]} 40. Rh7+ {[%emt 0:06:17]} Kg8 {[%emt 0:00:01]} 41. Rhg7+ {[%emt 0:00:06]} Kh8 {[%emt 0:00:04]} 42. Rh7+ {[%emt 0:01:07]} Kg8 {[%emt 0:01:15]} 43. Rhg7+ {[%emt 0:00:03]} 1/2-1/2

[Event "Chinese League Div-A Final-KO 2023"]
[Site "Xiongan"]
[Date "2023.12.05"]
[Round "4.20"]
[White "Guo, Qi"]
[Black "Zhang, Lanlin"]
[Result "1-0"]
[WhiteElo "2372"]
[BlackElo "2251"]
[Annotator "RC"]
[PlyCount "67"]
[EventDate "2023.12.02"]
[EventCountry "CHN"]
[SourceTitle "playchess.com"]
[Source "ChessBase"]
[SourceQuality "1"]

1. d4 {[%emt 0:00:07]} Nf6 {[%emt 0:01:58]} 2. c4 {[%emt 0:00:08]} e6 {[%emt 0:00:04]} 3. Nf3 {[%emt 0:00:23]} b6 {[%emt 0:08:06]} 4. g3 {[%emt 0:01:29]} Bb7 {[%emt 0:00:06]} 5. Bg2 {[%emt 0:00:06]} Bb4+ {[%emt 0:00:05]} 6. Bd2 {[%emt 0:00:12]} Be7 {[%emt 0:00:04]} 7. Nc3 {[%emt 0:01:16]} c6 {[%emt 0:00:05]} 8. Bf4 {[%emt 0:00:35]} d5 {[%emt 0:06:08]} 9. Qb3 {[%emt 0:00:54]} O-O {[%emt 0:03:02]} 10. O-O {[%emt 0:00:10]} dxc4 {[%emt 0:09:55]} 11. Qxc4 {[%emt 0:00:49]} Nd5 {[%emt 0:00:10]} 12. Ne5 {[%emt 0:00:08]} Ba6 {[%emt 0:05:36]} 13. Qb3 {[%emt 0:00:11]} Nxf4 {[%emt 0:05:07]} 14. gxf4 {[%emt 0:00:10]} Qxd4 {[%emt 0:00:06]} 15. e3 {[%emt 0:01:52]} Qd8 {[%emt 0:14:34]} 16. Rfd1 {[%emt 0:12:26]} Qc8 {[%emt 0:01:53]} 17. a4 {[%emt 0:05:49]} Bb7 {[%emt 0:08:28]} 18. a5 {[%emt 0:01:20]} b5 {[%emt 0:01:41]} 19. Nxb5 {[%emt 0:03:18]} cxb5 {[%emt 0:20:01]} 20. Rac1 {[%emt 0:00:24]} Bc6 {[%emt 0:00:11]} 21. Bxc6 {[%emt 0:14:42]} Nxc6 {[%emt 0:00:21]} 22. Nxc6 {[%emt 0:00:04]} Qe8 {[%emt 0:00:24]} 23. Qxb5 {[%emt 0:00:16]} Bf6 {[%emt 0:02:48]} 24. a6 {[%emt 0:02:42]} Kh8 {[%emt 0:00:19]} 25. b4 {[%emt 0:01:31]} g5 {[%emt 0:00:52]} 26. f5 {[%emt 0:00:17]} Bg7 {[%emt 0:03:40]} 27. Qd3 {[%emt 0:02:07]} f6 {[%emt 0:01:23]} 28. Qe4 {[%emt 0:02:07]} e5 {[%emt 0:02:48]} 29. b5 {[%emt 0:00:11]} Rg8 {[%emt 0:00:13]} 30. Rd6 {[%emt 0:01:21]} Qh5 {[%emt 0:02:44]} 31. Rcd1 {[%emt 0:01:04]} Qe2 {[%emt 0:00:38]} 32. Nd8 {[%emt 0:00:57]} Raxd8 {[%emt 0:01:47]} 33. Rxd8 {[%emt 0:00:08]} Bf8 {[%emt 0:00:08]} 34. b6 {[%emt 0:01:09]} 1-0